[Event "Krakow op-B 29th"]
[Site "Krakow"]
[Date "2018.12.31"]
[Round "6"]
[White "Siprashvili, Ivane"]
[Black "Warchol, Bartosz"]
[Result "1/2-1/2"]
[WhiteElo "2074"]
[BlackElo "1975"]
[PlyCount "86"]
[EventDate "2018.12.27"]
[EventType "swiss"]
[EventRounds "9"]
[EventCountry "POL"]
[SourceTitle "CBM 189 Extra"]
[Source "ChessBase"]
[SourceDate "2019.05.31"]
[SourceVersion "1"]
[SourceVersionDate "2019.05.31"]
[SourceQuality "1"]

1. Nf3 d5 2. g3 c6 3. Bg2 Nf6 4. 0-0 Bg4 5. d3 Nbd7 6. Nbd2 e5 7. h3 Bh5 8. e4 dxe4 9. dxe4 Bc5 10. Qe2 0-0 11. b3 Qe7 12. a4 a5 13. Bb2 Rfe8 14. Rfe1 Bb4 15. Red1 Bxd2 16. Rxd2 Bxf3 17. Bxf3 Nf8 18. Ba3 c5 19. Rad1 Ne6 20. c3 Rad8 21. h4 b6 22. Bc1 Rxd2 23. Bxd2 Rd8 24. Be3 Rxd1+ 25. Qxd1 Qd7 26. Qxd7 Nxd7 27. Be2 Kf8 28. Bc4 Ke7 29. Kf1 Nf6 30. f3 Ne8 31. Ke1 Nd6 32. Be2 Kd7 33. Kd1 f6 34. Bf1 Kc6 35. Kc2 c4 36. bxc4 Nc5 37. h5 h6 38. Be2 Nxa4 39. Bc1 Nc5 40. g4 Ne6 41. Ba3 Nb7 42. Bd1 Nbc5 43. Kd2 Kd7 1/2-1/2

[Event "Krakow op-B 29th"]
[Site "Krakow"]
[Date "2018.12.29"]
[Round "4"]
[White "Hasterok, Mateusz"]
[Black "Siprashvili, Ivane"]
[Result "0-1"]
[WhiteElo "1884"]
[BlackElo "2074"]
[PlyCount "120"]
[EventDate "2018.12.27"]
[EventType "swiss"]
[EventRounds "9"]
[EventCountry "POL"]
[SourceTitle "CBM 189 Extra"]
[Source "ChessBase"]
[SourceDate "2019.05.31"]
[SourceVersion "1"]
[SourceVersionDate "2019.05.31"]
[SourceQuality "1"]

1. d4 Nf6 2. c4 c5 3. d5 b5 4. cxb5 a6 5. b6 Qxb6 6. Nc3 d6 7. e4 g6 8. Nf3 Bg7 9. Be2 Nbd7 10. 0-0 0-0 11. h3 Ne8 12. Nd2 Qd8 13. a4 Rb8 14. Qc2 Nb6 15. Nc4 Nxc4 16. Bxc4 Nc7 17. Be3 e6 18. Rab1 exd5 19. exd5 Qh4 20. Qe4 Qxe4 21. Nxe4 Bf5 22. f3 Bxe4 23. fxe4 Rfe8 24. Bf4 Be5 25. b3 Rbd8 26. Rbe1 Kg7 27. Bd2 Re7 28. Rf3 Ra8 29. Ref1 f6 30. Bd3 a5 31. Bf4 Bxf4 32. Rxf4 Rf8 33. g4 Re5 34. h4 h6 35. Kh2 Na8 36. Kg3 Nb6 37. R1f2 Nc8 38. Rh2 Ne7 39. h5 g5 40. Rf3 Nc8 41. Re2 Nb6 42. Bb5 Re7 43. Kg2 Nd7 44. Bxd7 Rxd7 45. Kg3 Rb7 46. Kf2 Rb4 47. Ree3 Rfb8 48. Kg3 Re8 49. Re2 Rexe4 50. Rxe4 Rxe4 51. Rd3 f5 52. gxf5 Kf6 53. Rf3 Re5 54. Rd3 Rxf5 55. Kg4 Rf4+ 56. Kg3 Ke5 57. Rd1 Rh4 58. Rd2 Rxh5 59. Re2+ Kxd5 60. Kg4 Rh4+ 0-1

[Event "Krakow op-B 29th"]
[Site "Krakow"]
[Date "2018.12.29"]
[Round "3"]
[White "Siprashvili, Ivane"]
[Black "Koloczek, Maciej"]
[Result "1-0"]
[WhiteElo "2074"]
[BlackElo "1852"]
[PlyCount "55"]
[EventDate "2018.12.27"]
[EventType "swiss"]
[EventRounds "9"]
[EventCountry "POL"]
[SourceTitle "CBM 189 Extra"]
[Source "ChessBase"]
[SourceDate "2019.05.31"]
[SourceVersion "1"]
[SourceVersionDate "2019.05.31"]
[SourceQuality "1"]

1. d4 Nf6 2. Nf3 g6 3. Bg5 Bg7 4. c3 0-0 5. Nbd2 d6 6. e4 Nc6 7. Qc2 e5 8. dxe5 Nxe5 9. Nxe5 dxe5 10. Bc4 Qe7 11. f3 Be6 12. Bxe6 Qxe6 13. Qb3 Qc6 14. a4 Nd7 15. Qb5 Qxb5 16. axb5 Bf6 17. Bxf6 Nxf6 18. Nc4 Nd7 19. 0-0-0 Nc5 20. Rd5 b6 21. Nxe5 a6 22. bxa6 Rxa6 23. Kc2 f5 24. exf5 Rxf5 25. Rhd1 Ne6 26. Nc4 Rf8 27. Rd7 Raa8 28. Re7 1-0

[Event "GEO-chT Club"]
[Site "Tbilisi"]
[Date "2017.12.02"]
[Round "4.2"]
[White "Pantsulaia, Levan"]
[Black "Siprashvili, Ivane"]
[Result "1-0"]
[WhiteElo "2591"]
[BlackElo "1962"]
[PlyCount "123"]
[EventDate "2017.11.29"]
[EventType "team-tourn"]
[EventRounds "7"]
[EventCountry "GEO"]
[SourceTitle "CBM 181 Extra"]
[Source "ChessBase"]
[SourceDate "2017.12.12"]
[SourceVersion "1"]
[SourceVersionDate "2017.12.12"]
[SourceQuality "1"]
[WhiteTeam "Tbilisi"]
[BlackTeam "Kakheti"]
[WhiteTeamCountry "GEO"]
[BlackTeamCountry "GEO"]

1. Nf3 Nf6 2. g3 g6 3. b3 Bg7 4. Bb2 d6 5. d4 0-0 6. Bg2 c6 7. 0-0 a5 8. c4 Bg4 9. Nc3 Nbd7 10. h3 Bxf3 11. Bxf3 Re8 12. d5 cxd5 13. cxd5 Nc5 14. Rb1 Qd7 15. Bg2 b5 16. e3 b4 17. Ne2 Rac8 18. Rc1 Qb5 19. Rc4 Qa6 20. Qd2 a4 21. Rxb4 axb3 22. axb3 Qd3 23. Rd1 Qxd2 24. Rxd2 Rb8 25. Bc3 Rxb4 26. Bxb4 Nxb3 27. Rb2 Nc5 28. Bxc5 dxc5 29. Rb7 Bf8 30. Nc3 e6 31. Rc7 exd5 32. Bxd5 Re7 33. Rc6 Kg7 34. Kg2 Ra7 35. Bc4 Be7 36. g4 h6 37. Nb5 Rd7 38. Nc3 Rd2 39. Rc7 Rd7 40. Rc6 Rd2 41. Rb6 Rc2 42. Rb3 Ne4 43. Nxe4 Rxc4 44. Kf3 f5 45. gxf5 gxf5 46. Ng3 Kf6 47. Rb7 Rb4 48. Rc7 Rb6 49. Nxf5 Kxf5 50. Rxe7 Rc6 51. Ke2 c4 52. Kd2 c3+ 53. Kc2 Kg5 54. Re4 Rf6 55. Rg4+ Kh5 56. f4 Re6 57. Rg3 Rc6 58. f5 Kh4 59. Rf3 Kg5 60. f6 Rxf6 61. Rxf6 Kxf6 62. Kxc3 1-0